| 000 | 00645nam a22002057a 4500 | ||
|---|---|---|---|
| 003 | MX-MxUPN | ||
| 005 | 20250805063909.0 | ||
| 008 | 250509s1998 fr| |||fr|||| 000 0 eng d | ||
| 040 |
_aMX-MxUPN _bspa |
||
| 041 | 1 |
_aeng _afre |
|
| 050 | 4 |
_aAS4 U8 _bD574 1998 |
|
| 110 | 2 |
_aUnesco _922938 |
|
| 245 | 1 | 0 |
_aList of Unesco chairs and UniTwin networks = _bListe des chaires Unesco et des réseaux UniTwin |
| 260 |
_aParis : _bUnesco Unitwin Programme, _c1998 |
||
| 300 | _a33 páginas | ||
| 610 | 2 | 4 |
_aUnesco _vDirectorios _956520 |
| 610 | 2 | 4 |
_aUniTwin (Programa) _vDirectorios _956521 |
| 902 | _aVíctorGodínez/090525 | ||
| 942 |
_2lcc _cFOLL |
||
| 999 |
_c213214 _d213214 |
||